LEADER 01299nam a2200265 i 4500 001 000000174467 003 CaOOAMICUS 005 20080915000000.0 008 080915s2002 it u000 u ita u 013 $a151943 020 $a88-307-1162-4 040 $aSeMil$bita 245 10$aInsieme prendere il largo :$bGli Istituti Missionari oggi in Italia: tra memoria e realtà. Forum Istituti Missionari 4-8 febbraio 2002 - Ariccia (Roma) 260 $aBologna :$bEditrice Missionaria Italiana,$ccopyr. 2002. 300 $a160 p. ;$c21 cm. 490 0 $aStrumenti di animazione missionaria 500 $aContiene : Appendici. 650 4$aIstituti missionari - Italia.$0(OLS)http://semarc/subject/22221 830 0$aStrumenti di animazione missionaria.$0(OLS)http://semarc/title/9994 850 $aSeMil 852 $aSeMil$W1$xVenegono$y1$m3E V 17$j125303$B125303$CSeMilBibl$Z2$F137958 $81 961 $aOmaggio: Paleari don Marco 996 $6020$a88-307-1162-4$9(OLS)http://semarc/number/162364 996 $6245$aInsieme prendere il largo :$bGli Istituti Missionari oggi in Italia: tra memoria e realtà. Forum Istituti Missionari 4-8 febbraio 2002 - Ariccia (Roma)$9(OLS)http://semarc/title/250067 996 $6260$aBologna :$bEditrice Missionaria Italiana$9(OLS)http://semarc/publisher/32722 LEADER 00439naa a2200133 i 4500 001 000000320911 003 CaOOAMICUS 005 20180831173335.0 008 180831n it u000 u ita u 013 $a31130 040 $aSeMil$bita 245 10$aSu "istini e istituzioni". 773 0 $tTecnofilosofia.$dMilano ; Udine : Mimesis, 2000.$kMillepiani$z88-8483-004-4$gp.21-24$w()221960 996 $6245$aSu "istini e istituzioni"$9(OLS)http://semarc/title/394469